000 01262nam a22002657a 4500
999 _c761
_d761
003 AR-CdUCM
008 190225b ||||| |||| 00| 0 spa d
040 _aMUNICIPALIDAD PROVINCIAL DEL CUSCO
_cBIBLIOTECA MUNICIPAL DEL CUSCO
082 _a301.34/F64
_bF64
100 _aFlores Ochoa, Jorge
_92915
245 _aPuna Qheswa Yunga :
_bel hombre y su medio en Q'ero /
260 _aLima :
_bBanco Central de Reserva del Perú,
_c1989.
300 _a85 páginas ;
_bfotografías.
_c28 cm.
440 _aColecciones Andinas
_92916
500 _aDonación ejemplar 2 por la Mesa Redonda Panamericana Cusco.
505 _aContenido: La expedición de 1955. -- De colonos de hacienda a dueños de tierra -- Los hijos de Inkari -- El hombre y la Familia -- El medio -- La puna -- El wayq'o -- La qheswa. -- Los sistemas agropecuarios. -- El Paqo y el Arariwa dos especialistas al cuidado de los cultivos andinos. -- Pastoreo y ritos relacionados al ganado. -- La Música. -- Los motivos textiles.
650 _aSistemas agropecuarios
_92917
650 _aPastoreo
_92918
650 _aRegión Puna
_92919
650 _aRegión Q'ero
_92920
650 _aRegión Qheswa
_92921
650 _aCultura andina
_946639
942 _2ddc
_cLIBROS
945 _awfj
_d2019-02-25